00254nam a2200121Ia 4500008004100000100001400041245001900055260001400074300000700088650001300095942000700108999001700115190216s9999||||xx |||||||||||||| ||und|| aJyothiraj 0aChirikumilakal bBook Nest a40 aKathakal cBK c29566d29566